[Event "2013 PHCC July G/30 Mini-Swiss "]
[Site "Port Huron"]
[Date "2013.07.25"]
[Round "1"]
[White "Bedy, Noel"]
[Black "Wilkinson, Stewart"]
[Result "0-1"]
[WhiteElo "1490"]
[BlackElo "1865"]
[PlyCount "62"]
[EventDate "2013.07.25"]
[EventType "swiss"]
[EventRounds "3"]

1. d4 e6 2. Nf3 d5 3. e3 Nf6 4. Bd3 Bd6 5. Nbd2 Nbd7 6. O-O O-O 7. Re1 c5 8. c3 Qb6 9. e4 cxd4 10. cxd4 dxe4 11. Nxe4 Nxe4 12. Rxe4 Nf6 13. Rh4 Be7 14. Bf4 Qd8 15. Be5 g6 16. Qd2 Re8 17. Bxf6 Bxf6 18. Re4 Bd7 19. Ne5 Bxe5 20. dxe5 Bc6 21. Ree1 Qd5 22. f3 Red8 23. Re3 Bb5 24. Rd1 Rd7 25. Qe2 Rad8 26. Kf2 Bxd3 27. Rexd3 Qc5+ 28. Kf1 Rxd3 29. Rxd3 Rxd3 30. Qxd3 Qc1+ 31. Kf2 Qxb2+ 0-1

[Event "2013 PHCC July G/30 Mini-Swiss "]
[Site "Port Huron"]
[Date "2013.07.25"]
[Round "1"]
[White "Rutkofske, Lonnie"]
[Black "Jones, G. Avery"]
[Result "1-0"]
[WhiteElo "1873"]
[BlackElo "1599"]
[PlyCount "61"]
[EventDate "2013.07.25"]
[EventType "swiss"]
[EventRounds "3"]

1. c4 c6 2. g3 Nf6 3. Bg2 g6 4. Nc3 Bg7 5. e4 d6 6. d3 O-O 7. Nge2 Nbd7 8. O-O e5 9. h3 Qb6 10. Kh2 Nc5 11. Rb1 Be6 12. b4 Ncd7 13. f4 Nb8 14. a4 Qc7 15. f5 Bd7 16. g4 Qc8 17. Bd2 d5 18. Ng3 Rd8 19. g5 Ne8 20. cxd5 cxd5 21. Nxd5 Bf8 22. b5 Bd6 23. Rc1 Nc7 24. Rxc7 Bxc7 25. Ne7+ Kh8 26. Nxc8 Rxc8 27. Qb3 Kg8 28. fxg6 hxg6 29. Qxf7+ Kh8 30. Qxg6 Re8 31. Rf7 1-0

[Event "2013 PHCC July G/30 Mini-Swiss "]
[Site "Port Huron"]
[Date "2013.07.25"]
[Round "1"]
[White "Wingrove, William"]
[Black "Bruziewicz, Andrew"]
[Result "0-1"]
[WhiteElo "1607"]
[BlackElo "2252"]
[PlyCount "61"]
[EventDate "2013.07.25"]
[EventType "swiss"]
[EventRounds "3"]

1. e4 Nc6 2. Nf3 d6 3. d4 Nf6 4. Nc3 Bg4 5. Be2 e5 6. Be3 Be7 7. O-O O-O 8. h3 Bxf3 9. Bxf3 Re8 10. Re1 exd4 11. Bxd4 Nxd4 12. Qxd4 Nd7 13. Nd5 Bg5 14. Rad1 Ne5 15. Be2 Ng6 16. Bf1 Re6 17. g3 Ne5 18. Bg2 Nc6 19. Qc3 Bf6 20. Nxf6+ Rxf6 21. e5 Re6 22. f4 Qe8 23. exd6 cxd6 24. Rxe6 Qxe6 25. Re1 Qd7 26. Qd2 g6 27. c4 Qc7 28. Kh2 Rd8 29. Re3 Ne7 30. Qe2 Kf8 31. b3 0-1

[Event "2013 PHCC July G/30 Mini-Swiss "]
[Site "Port Huron"]
[Date "2013.07.25"]
[Round "2"]
[White "Bruziewicz, Andrew"]
[Black "Rutkofske, Lonnie"]
[Result "1-0"]
[WhiteElo "2252"]
[BlackElo "1873"]
[PlyCount "83"]
[EventDate "2013.07.25"]
[EventType "swiss"]
[EventRounds "3"]

1. Nc3 d5 2. d4 Nf6 3. Nf3 e6 4. Bg5 Be7 5. e3 c6 6. Bd3 Nbd7 7. O-O h6 8. Bf4 a5 9. Re1 Bb4 10. a3 Bxc3 11. bxc3 Nb6 12. Qd2 Nc4 13. Bxc4 dxc4 14. e4 Nh7 15. Ne5 O-O 16. Nxc4 g5 17. Bd6 Re8 18. Bg3 f6 19. f4 b5 20. Ne3 e5 21. fxg5 hxg5 22. d5 Qb6 23. Bf2 c5 24. Reb1 Bd7 25. c4 b4 26. Qe2 Qd6 27. h4 Qf8 28. Rf1 Qh6 29. hxg5 Qxg5 30. Be1 Rab8 31. Rf3 Qg6 32. Bh4 Qxe4 33. Bxf6 Bg4 34. Qf2 Qd4 35. Nxg4 Qxa1+ 36. Kh2 Qc1 37. Qg3 Nxf6 38. Nxf6+ Kf7 39. Nxe8+ Kxe8 40. Qg8+ Kd7 41. Rf7+ Kd6 42. Qxb8# 1-0

[Event "2013 PHCC July G/30 Mini-Swiss "]
[Site "Port Huron"]
[Date "2013.07.25"]
[Round "2"]
[White "Jones, G. Avery"]
[Black "Bedy, Noel"]
[Result "1-0"]
[WhiteElo "1599"]
[BlackElo "1490"]
[PlyCount "51"]
[EventDate "2013.07.25"]
[EventType "swiss"]
[EventRounds "3"]

1. d4 d5 2. Nf3 Nf6 3. g3 c6 4. Bg2 Bf5 5. O-O e6 6. c4 dxc4 7. Bg5 Nbd7 8. Nc3 h6 9. Bf4 Nd5 10. Nxd5 exd5 11. Ne5 Be7 12. Re1 O-O 13. e4 dxe4 14. Bxe4 Bxe4 15. Rxe4 Nxe5 16. Bxe5 Bd6 17. Qe2 b5 18. Rd1 Bxe5 19. dxe5 Qe7 20. Rd6 Rac8 21. Qd2 Rfd8 22. Qd4 a5 23. Kf1 Qe8 24. Re1 Rxd6 25. exd6 Qd8 26. d7 1-0

[Event "2013 PHCC July G/30 Mini-Swiss "]
[Site "Port Huron"]
[Date "2013.07.25"]
[Round "2"]
[White "Wilkinson, Stewart"]
[Black "Morabito, Matthew"]
[Result "1/2-1/2"]
[WhiteElo "1865"]
[BlackElo "1698"]
[PlyCount "100"]
[EventDate "2013.07.25"]
[EventType "swiss"]
[EventRounds "3"]

1. e4 e5 2. Nc3 g6 3. f4 exf4 4. Nf3 Bg7 5. d4 d6 6. Bxf4 Nf6 7. Bc4 O-O 8. O-O c6 9. Bb3 Bg4 10. Qd2 b5 11. Rae1 a5 12. a4 b4 13. Nd1 Nh5 14. c3 bxc3 15. bxc3 c5 16. h3 Bxf3 17. Rxf3 cxd4 18. cxd4 Qb6 19. Bd5 Qxd4+ 20. Qxd4 Bxd4+ 21. Kh1 Ra7 22. Bxd6 Rd8 23. Bh2 Kg7 24. g4 Nf6 25. Ba2 Nc6 26. Ref1 Rdd7 27. Bg1 Bxg1 28. Rxf6 Nb4 29. Rxf7+ Rxf7 30. Rxf7+ Rxf7 31. Bxf7 Kxf7 32. Kxg1 Nd3 33. Kg2 Ke6 34. Kf3 Ke5 35. Ke3 Nf4 36. Nf2 Ng2+ 37. Kf3 Ne1+ 38. Kg3 Kd4 39. g5 Ke5 40. Ng4+ Kxe4 41. Nf6+ Kf5 42. Nxh7 Nd3 43. h4 Nc5 44. Nf6 Nxa4 45. Nd5 Ke6 46. Nf4+ Kf7 47. Kg4 Nc5 48. Nd5 a4 49. h5 gxh5+ 50. Kxh5 Kg7 1/2-1/2

[Event "2013 PHCC July G/30 Mini-Swiss "]
[Site "Port Huron"]
[Date "2013.07.25"]
[Round "3"]
[White "Morabito, Matthew"]
[Black "Rutkofske, Lonnie"]
[Result "0-1"]
[WhiteElo "1698"]
[BlackElo "1873"]
[PlyCount "92"]
[EventDate "2013.07.25"]
[EventType "swiss"]
[EventRounds "3"]

1. e4 e6 2. d3 d5 3. Nd2 Nf6 4. g3 Nc6 5. Bg2 Be7 6. Ne2 e5 7. exd5 Nxd5 8. Nc3 Nxc3 9. bxc3 O-O 10. O-O Re8 11. Rb1 Na5 12. Rb5 c5 13. Nb3 Nxb3 14. Rxb3 Rb8 15. Be3 Qa5 16. Qb1 b5 17. c4 b4 18. a3 Bd7 19. axb4 Rxb4 20. Rxb4 cxb4 21. Bd2 Qc5 22. Qb2 a5 23. c3 Bf8 24. Re1 bxc3 25. Bxc3 f6 26. d4 exd4 27. Rxe8 dxc3 28. Rxf8+ Kxf8 29. Qxc3 a4 30. Qc2 g6 31. Bd5 a3 32. Qc3 Kg7 33. Qb3 Kh6 34. Qa2 Bf5 35. Qd2+ Kg7 36. Qa2 Bh3 37. Qb3 Qe7 38. Qc3 Qe2 39. Qc1 Qb2 40. Qe1 a2 41. Qe7+ Kh6 42. Qf8+ Kh5 43. Bf3+ Bg4 44. Qc5+ Qe5 45. Bxg4+ Kxg4 46. Qc8+ f5 0-1

[Event "2013 PHCC July G/30 Mini-Swiss "]
[Site "Port Huron"]
[Date "2013.07.25"]
[Round "3"]
[White "Wingrove, William"]
[Black "Jones, G. Avery"]
[Result "1-0"]
[WhiteElo "1607"]
[BlackElo "1490"]
[PlyCount "67"]
[EventDate "2013.07.25"]
[EventType "swiss"]
[EventRounds "3"]

1. e4 c6 2. d4 d5 3. exd5 cxd5 4. Bd3 Nf6 5. Nf3 Nc6 6. c3 g6 7. Bf4 Bg7 8. O-O O-O 9. Nbd2 Bg4 10. h3 Bd7 11. Re1 Qc8 12. Ne5 Nh5 13. Bh2 a6 14. Qe2 e6 15. Ndf3 Na7 16. Nxd7 Qxd7 17. Ne5 Qc8 18. Qf3 Nc6 19. Re2 b5 20. a3 Na5 21. Rae1 Nc4 22. Nxc4 bxc4 23. Bb1 Rb8 24. Qe3 a5 25. g4 Nf6 26. f4 Rb7 27. f5 exf5 28. gxf5 Re8 29. Qg3 Rxe2 30. Rxe2 Ne4 31. Bxe4 dxe4 32. Qf4 Qxf5 33. Rxe4 h5 34. Re2 1-0

[Event "2013 PHCC May Quads - Section A"]
[Site "Port Huron"]
[Date "2013.05.16"]
[Round "1"]
[White "Wilkinson, Stewart"]
[Black "Wingrove, William"]
[Result "1-0"]
[WhiteElo "1871"]
[BlackElo "1676"]
[PlyCount "65"]
[EventDate "2013.05.16"]
[EventType "tourn"]
[EventRounds "3"]

1. e4 c5 2. Nf3 d6 3. Bb5+ Bd7 4. Bxd7+ Qxd7 5. O-O Nc6 6. Re1 g6 7. c3 e5 8. d4 cxd4 9. cxd4 Rd8 10. d5 Na5 11. Nc3 Bg7 12. Qd3 Rc8 13. Be3 a6 14. Nd2 b5 15. b4 Nc4 16. Nxc4 bxc4 17. Qe2 Ne7 18. a4 f5 19. f3 O-O 20. b5 Qc7 21. b6 Qb7 22. a5 h6 23. Ra4 g5 24. Rxc4 Bf6 25. Rxc8 Rxc8 26. Nb5 Qd7 27. Nc7 Qa4 28. Qxa6 Qb4 29. Bf2 Kf7 30. Qb5 Qxb5 31. Nxb5 Ra8 32. Nxd6+ Kf8 33. b7 1-0

[Event "2013 PHCC May Quads A"]
[Site "Port Huron"]
[Date "2013.05.16"]
[Round "1"]
[White "Rutkofske, Lonnie"]
[Black "Morabito, Matthew"]
[Result "1/2-1/2"]
[WhiteElo "1841"]
[BlackElo "1791"]
[PlyCount "107"]
[EventDate "2013.05.16"]
[EventType "tourn"]
[EventRounds "3"]

1. c4 Nf6 2. Nc3 e5 3. g3 g6 4. Bg2 Bg7 5. e4 O-O 6. Nge2 d6 7. d3 Nc6 8. O-O Be6 9. h3 Ne7 10. b4 c6 11. a4 d5 12. cxd5 cxd5 13. Ba3 d4 14. Nb1 Rc8 15. Nd2 Qd7 16. Kh2 Rc7 17. b5 Rfc8 18. Rc1 Rxc1 19. Bxc1 Qc7 20. Ba3 Kh8 21. Qb1 Nfg8 22. Rc1 Qa5 23. Rxc8 Nxc8 24. Qb4 Qxb4 25. Bxb4 Nb6 26. a5 Na4 27. Nc1 Bd7 28. f4 Bxb5 29. fxe5 Bxe5 30. Nc4 Bxc4 31. dxc4 Nb2 32. Bf1 Nf6 33. Ba3 Na4 34. Nd3 Bc7 35. Nc5 Nxc5 36. Bxc5 Bxg3+ 37. Kg2 Be5 38. Bxa7 Nxe4 39. c5 f5 40. Bc4 Nc3 41. Bb6 Na4 42. Kf3 Nxb6 43. cxb6 Bd6 44. Ke2 Bb4 45. a6 bxa6 46. Bxa6 Ba5 47. b7 Bc7 48. Kd3 Be5 49. b8=Q+ Bxb8 50. Kxd4 Kg7 51. Ke3 g5 52. Bc8 Kf6 53. Kf3 Ke5 54. Bd7 1/2-1/2

[Event "2013 PHCC May Quads A"]
[Site "Port Huron"]
[Date "2013.05.23"]
[Round "2"]
[White "Morabito, Matthew"]
[Black "Wilkinson, Stewart"]
[Result "0-1"]
[WhiteElo "1781"]
[BlackElo "1871"]
[PlyCount "94"]
[EventDate "2013.05.23"]
[EventType "tourn"]
[EventRounds "3"]

1. Nf3 d5 2. g3 Nf6 3. Bg2 Nc6 4. c4 e6 5. O-O Be7 6. cxd5 exd5 7. d3 O-O 8. Nc3 Re8 9. e4 dxe4 10. dxe4 Qxd1 11. Rxd1 Bg4 12. h3 Bxf3 13. Bxf3 Ne5 14. Bg2 c6 15. Bf4 Ng6 16. Bd6 Bxd6 17. Rxd6 Ne5 18. b3 Rad8 19. Rad1 Rxd6 20. Rxd6 Kf8 21. f4 Ng6 22. Kf2 Ke7 23. e5 Nd7 24. Be4 f6 25. Bf5 Ngf8 26. Rd2 fxe5 27. fxe5 g6 28. Bxd7 Nxd7 29. Re2 Rf8+ 30. Kg2 Rf5 31. e6 Nf8 32. g4 Rf6 33. Ne4 Rxe6 34. Kf3 Nd7 35. Rd2 h6 36. h4 b6 37. Kf4 c5 38. h5 g5+ 39. Kf5 Re5+ 40. Kg6 Rxe4 41. Kxh6 Nf6 42. Kxg5 Rxg4+ 43. Kf5 Rh4 44. Kg6 Nxh5 45. Rf2 Kd6 46. Kg5 Rh1 47. Rd2+ Kc7 0-1

[Event "2013 PHCC May Quads A"]
[Site "Port Huron"]
[Date "2013.05.23"]
[Round "2"]
[White "Wingrove, William"]
[Black "Rutkofske, Lonnie"]
[Result "1/2-1/2"]
[WhiteElo "1676"]
[BlackElo "1841"]
[PlyCount "100"]
[EventDate "2013.05.23"]
[EventType "tourn"]
[EventRounds "3"]

1. e4 e6 2. d4 d5 3. exd5 exd5 4. Nc3 c6 5. Bd3 Nd7 6. Bf4 Bb4 7. a3 Bxc3+ 8. bxc3 Qe7+ 9. Qe2 Qxe2+ 10. Nxe2 Nf8 11. O-O Ne6 12. Bd2 Nf6 13. Ng3 O-O 14. Rab1 b5 15. f3 g6 16. Rfe1 Kg7 17. f4 Re8 18. f5 Nf8 19. Bg5 Bd7 20. fxg6 hxg6 21. h3 Rxe1+ 22. Rxe1 Ne6 23. Be3 Re8 24. Kf2 Nh7 25. Bd2 f5 26. Ra1 Nf6 27. Re1 f4 28. Ne2 Ne4+ 29. Bxe4 dxe4 30. Bxf4 Rf8 31. Ke3 Nxf4 32. Nxf4 g5 33. Nh5+ Kg6 34. Ng3 Bxh3 35. Re2 Bg4 36. Rf2 Rxf2 37. Kxf2 Bd1 38. Nxe4 Bxc2 39. Nd6 a5 40. Ke3 Kf6 41. Nb7 Ke6 42. Nxa5 Kd5 43. g3 c5 44. Kd2 Bf5 45. dxc5 Kxc5 46. Nb3+ Kc4 47. Nd4 Bd7 48. Nf3 Kb3 49. Nxg5 Kxa3 50. Ne4 b4 1/2-1/2

[Event "2013 PHCC May Quads A"]
[Site "Port Huron"]
[Date "2013.06.06"]
[Round "3"]
[White "Morabito, Matthew"]
[Black "Wingrove, William"]
[Result "1/2-1/2"]
[WhiteElo "1791"]
[BlackElo "1676"]
[PlyCount "62"]
[EventDate "2013.06.06"]
[EventType "tourn"]
[EventRounds "3"]

1. d4 Nf6 2. Nc3 d5 3. Bf4 Bd7 4. e3 a6 5. Nf3 g6 6. h3 Bg7 7. Bd3 O-O 8. Ne5 Nc6 9. Nxd7 Qxd7 10. Qf3 e6 11. g4 Rfd8 12. O-O-O b5 13. Kb1 Na5 14. b3 Nb7 15. h4 c5 16. dxc5 Nxc5 17. Be5 Qe7 18. Ne2 Ncd7 19. Bb2 e5 20. e4 dxe4 21. Bxe4 Nxe4 22. Qxe4 Nc5 23. Qe3 Rd6 24. Rxd6 Qxd6 25. Ba3 Rc8 26. h5 Qd5 27. Rc1 e4 28. hxg6 fxg6 29. Bb2 Bxb2 30. Kxb2 Rd8 31. Nc3 Qe5 1/2-1/2

[Event "2013 PHCC May Quads A"]
[Site "Port Huron"]
[Date "2013.06.06"]
[Round "3"]
[White "Wilkinson, Stewart"]
[Black "Rutkofske, Lonnie"]
[Result "1/2-1/2"]
[WhiteElo "1871"]
[BlackElo "1841"]
[Annotator "L. Rutkofske"]
[PlyCount "94"]
[EventDate "2013.06.06"]
[EventType "tourn"]
[EventRounds "3"]

1. e4 g6 2. d4 Bg7 3. Nf3 c5 4. c3 b6 5. Be2 Bb7 6. e5 Nc6 7. O-O Nh6 8. Bxh6 Bxh6 9. d5 Nb8 10. c4 O-O 11. Nc3 f5 12. exf6 Rxf6 13. Ne4 Rf4 14. Qd3 Na6 15. a3 Qf8 16. Ng3 Qg7 17. Rab1 Raf8 18. b4 d6 19. Ne4 Bc8 20. Ng3 Qf7 21. b5 Nc7 22. Rbd1 Ne8 23. Qc2 Ng7 24. Bd3 Bg4 25. Be2 Nf5 26. Nxf5 Bxf5 27. Bd3 Bg4 (27... Rxf3 28. gxf3 Bh3 29. Rfe1 Qf4 30. Bf1 Bxf1 31. Rxf1 Qh4 32. Rfe1 Qh3 33. f4 Bxf4 34. f3 Rf5 35. Kh1 Be5 36. Re2 e6 37. Rd3 Rf6 38. dxe6 Qxe6 39. Kg2 Rxf3 40. h3 Rf5 41. Rg3 Bxg3 42. Kh1 Rf3 43. Qd3 Qf5 44. Qxf5 gxf5 45. Re4 Bh4 46. a4 h6 47. Re3 Kf7) 28. Be2 Qf6 29. Rde1 Bg7 30. Bd1 Bf5 31. Qb3 Rf7 32. a4 g5 33. Qe3 h6 34. Qc1 Be4 35. Qe3 Qg6 36. Qc1 Qf6 37. Qe3 Qc3 38. Qxc3 Bxc3 39. Re3 Bxf3 40. Rxf3 Rxc4 41. Rxf7 Kxf7 42. f4 Rxf4 43. Rxf4+ gxf4 44. Kf2 Kf6 45. Kf3 Kg5 46. h4+ Kxh4 47. Kxf4 Bd2+ 1/2-1/2

[Event "2013 PHCC May Quads B"]
[Site "Port Huron"]
[Date "2013.05.16"]
[Round "1"]
[White "Bedy, Noel"]
[Black "Nowiski, Adam"]
[Result "1-0"]
[WhiteElo "1614"]
[BlackElo "926"]
[PlyCount "25"]
[EventDate "2013.05.16"]
[EventType "tourn"]
[EventRounds "3"]

1. d4 d5 2. Nf3 Nf6 3. e3 e6 4. Bd3 Bd6 5. c3 O-O 6. Nbd2 c6 7. O-O Nbd7 8. e4 dxe4 9. Nxe4 Nxe4 10. Bxe4 Nb6 11. Bxh7+ Kxh7 12. Ng5+ Kg8 13. Qh5 1-0

[Event "2013 PHCC May Quads B"]
[Site "Port Huron"]
[Date "2013.05.16"]
[Round "1"]
[White "Beneker, Gerrit"]
[Black "Mariani, Gino"]
[Result "1-0"]
[WhiteElo "1550"]
[BlackElo "1330"]
[PlyCount "55"]
[EventDate "2013.05.16"]
[EventType "tourn"]
[EventRounds "3"]

1. e4 c6 2. d4 d5 3. e5 Bf5 4. g4 Bg6 5. Nf3 e6 6. Bd3 Bxd3 7. Qxd3 Nd7 8. a3 Ne7 9. Nc3 g6 10. Bf4 Bg7 11. h4 Qb6 12. O-O-O c5 13. Qb5 Qc6 14. dxc5 Nxc5 15. Nd4 Qxb5 16. Ndxb5 O-O 17. Nd6 a6 18. Bg5 f6 19. exf6 Bxf6 20. Be3 b6 21. f4 Nd7 22. Nde4 Bg7 23. Ng5 Nc5 24. Bxc5 bxc5 25. Nxe6 Rfc8 26. Nxg7 Kxg7 27. Nxd5 Ng8 28. Nb6 1-0

[Event "2013 PHCC May Quads B"]
[Site "Port Huron"]
[Date "2013.05.23"]
[Round "2"]
[White "Mariani, Gino"]
[Black "Bedy, Noel"]
[Result "0-1"]
[WhiteElo "1333"]
[BlackElo "1614"]
[PlyCount "46"]
[EventDate "2013.05.23"]
[EventType "tourn"]
[EventRounds "3"]

1. e4 d5 2. exd5 Nf6 3. d4 Bg4 4. Be2 Bxe2 5. Nxe2 Qxd5 6. O-O Nc6 7. Nbc3 Qf5 8. Bf4 O-O-O 9. Qd3 Qxd3 10. cxd3 Nxd4 11. Nxd4 Rxd4 12. Be3 Rxd3 13. Bxa7 e6 14. a3 Be7 15. f3 Rhd8 16. Rfd1 Rxd1+ 17. Nxd1 b6 18. Nc3 Kb7 19. Bxb6 Kxb6 20. Re1 Nd5 21. Ne4 h6 22. g4 Nf4 23. Kf2 Nd3+ 0-1

[Event "2013 PHCC May Quads B"]
[Site "Port Huron"]
[Date "2013.05.23"]
[Round "2"]
[White "Nowiski, Adam"]
[Black "Beneker, Gerrit"]
[Result "0-1"]
[WhiteElo "926"]
[BlackElo "1550"]
[PlyCount "48"]
[EventDate "2013.05.13"]
[EventType "tourn"]
[EventRounds "3"]

1. e4 e5 2. Nf3 Nc6 3. Bc4 a6 4. O-O Nf6 5. Nc3 b5 6. Bb3 b4 7. Ne2 Nxe4 8. d3 Nc5 9. Bc4 d5 10. Bg5 f6 11. a3 dxc4 12. Bd2 Be6 13. axb4 cxd3 14. cxd3 Nxd3 15. b3 Bxb4 16. Bxb4 Ncxb4 17. Nc1 e4 18. Nxd3 Nxd3 19. Ne1 O-O 20. Nxd3 Qxd3 21. Qxd3 exd3 22. Rfd1 Rfd8 23. h3 Bxb3 24. Rd2 Bc2 0-1

[Event "2013 PHCC May Quads B"]
[Site "Port Huron"]
[Date "2013.06.06"]
[Round "3"]
[White "Bedy, Noel"]
[Black "Beneker, Gerrit"]
[Result "1-0"]
[WhiteElo "1614"]
[BlackElo "1550"]
[PlyCount "57"]
[EventDate "2013.06.06"]
[EventType "tourn"]
[EventRounds "3"]

1. e4 e5 2. Nf3 d6 3. d4 exd4 4. Nxd4 a6 5. Nc3 c6 6. Bd3 Nf6 7. Bg5 Be7 8. Qe2 O-O 9. O-O Nbd7 10. Nf5 Ne5 11. Nxe7+ Qxe7 12. Rad1 Qe6 13. f3 h6 14. Be3 Qe7 15. Qd2 Be6 16. Be2 Nc4 17. Bxc4 Bxc4 18. Rfe1 Rfd8 19. Bb6 Rd7 20. Bd4 Rad8 21. b3 Be6 22. Na4 c5 23. Nb6 cxd4 24. Nxd7 Rxd7 25. Qxd4 Nh5 26. c4 Qg5 27. Qf2 Bh3 28. Kh1 Nf4 29. gxh3 1-0

[Event "2013 PHCC May Quads B"]
[Site "Port Huron"]
[Date "2013.06.06"]
[Round "3"]
[White "Mariani, Gino"]
[Black "Nowiski, Adam"]
[Result "1-0"]
[WhiteElo "1333"]
[BlackElo "926"]
[PlyCount "45"]
[EventDate "2013.06.06"]
[EventType "tourn"]
[EventRounds "3"]

1. e4 e5 2. Nf3 Nc6 3. Bb5 a6 4. Ba4 Nf6 5. Nc3 Be7 6. O-O O-O 7. a3 d6 8. d4 exd4 9. Nxd4 Ne5 10. h3 Be6 11. Nxe6 fxe6 12. f4 Ng6 13. f5 exf5 14. Bb3+ Kh8 15. exf5 Ne5 16. Nd5 Nc6 17. Nxf6 Bxf6 18. c3 Na5 19. Bd5 c6 20. Bf3 Nc4 21. Qb3 Na5 22. Qb4 c5 23. Qg4 1-0

[Event "2014 PHCC April U1700 Quad"]
[Site "Port Huron"]
[Date "2014.04.10"]
[Round "1"]
[White "Bedy, Noel"]
[Black "Wingrove, William"]
[Result "0-1"]
[WhiteElo "1581"]
[BlackElo "1694"]
[PlyCount "82"]
[EventDate "2014.04.10"]
[EventType "tourn"]
[EventRounds "3"]

1. d4 Nf6 2. Nd2 d5 3. Ngf3 g6 4. b4 Bg7 5. Bb2 c6 6. e3 O-O 7. c4 b6 8. Bd3 Re8 9. cxd5 cxd5 10. Rc1 Ba6 11. Bxa6 Nxa6 12. Qa4 Nc7 13. O-O Ne6 14. Rc6 Qd7 15. Ne5 Qb7 16. Rfc1 b5 17. Qc2 Red8 18. f4 Ne8 19. f5 Nf8 {Diagram } 20. fxg6 hxg6 21. Ndf3 Nd7 22. Nxf7 Kxf7 {Diagram } 23. Ng5+ Kg8 24. Qxg6 Ndf6 25. Qf7+ Kh8 26. Qe6 Qd7 27. Nf7+ Kh7 28. Nxd8 Rxd8 29. Qxd7 Rxd7 30. a4 bxa4 31. Ra6 Bh6 32. Rc3 Nd6 33. Rxa4 Nc4 34. Bc1 Ng4 35. Kf1 Ngxe3+ 36. Bxe3 Bxe3 37. Ke2 Bxd4 38. Rc2 e5 39. g4 Rf7 40. Kd3 Rf2 41. Rxf2 Bxf2 0-1

[Event "2014 PHCC April U1700 Quad"]
[Site "Port Huron"]
[Date "2014.04.10"]
[Round "1"]
[White "Beneker, Gerrit"]
[Black "Hartwig, Nathan"]
[Result "0-1"]
[WhiteElo "1545"]
[BlackElo "1683"]
[PlyCount "46"]
[EventDate "2014.04.10"]
[EventType "tourn"]
[EventRounds "3"]

1. e4 c5 2. Bc4 Nc6 3. Nf3 g6 4. c3 e6 5. O-O Bg7 6. Re1 Nge7 7. d3 O-O 8. Na3 a6 9. Qa4 d5 10. Bb3 Bd7 11. exd5 Nb4 12. cxb4 Bxa4 13. Bxa4 cxb4 14. d6 bxa3 15. dxe7 Qxe7 16. d4 Qb4 17. Bb3 Bxd4 18. Bd2 Qb6 19. Nxd4 axb2 20. Rab1 Qxd4 21. Be3 Qc3 22. Re2 Rfd8 23. Rbxb2 Qxb3 0-1

[Event "2014 PHCC April U1700 Quad"]
[Site "Port Huron"]
[Date "2014.04.17"]
[Round "2"]
[White "Bedy, Noel"]
[Black "Beneker, Gerrit"]
[Result "1-0"]
[WhiteElo "1581"]
[BlackElo "1545"]
[Annotator "Doe,John"]
[PlyCount "37"]
[EventDate "2014.04.17"]
[EventType "tourn"]
[EventRounds "3"]

1. d4 d5 2. Nf3 e6 3. e3 Nf6 4. Bd3 Bd6 5. Nbd2 O-O 6. O-O Re8 7. Re1 c5 8. c3 Nc6 9. dxc5 Bxc5 10. e4 {Diagram } e5 11. exd5 Nxd5 12. Ne4 Bb6 13. Bc4 Be6 14. Neg5 Nxc3 15. Qc2 Bxc4 16. Qxh7+ Kf8 17. bxc3 Be6 18. Ba3+ Ne7 19. Qh8# 1-0

[Event "2014 PHCC April U1700 Quad"]
[Site "Port Huron"]
[Date "2014.04.17"]
[Round "2"]
[White "Wingrove, William"]
[Black "Hartwig, Nathan"]
[Result "1/2-1/2"]
[WhiteElo "1694"]
[BlackElo "1683"]
[PlyCount "70"]
[EventDate "2014.04.17"]
[EventType "tourn"]
[EventRounds "3"]

1. e4 c5 2. Nf3 g6 3. d4 cxd4 4. Nxd4 Nc6 5. Nc3 Bg7 6. Be3 Nf6 7. f3 O-O 8. Qd2 d5 9. Nxc6 bxc6 10. exd5 Nxd5 11. Rd1 Be6 12. Nxd5 Bxd5 13. b3 Qc7 14. Bd3 Rfd8 15. O-O Rd7 16. Qe2 Rad8 17. c4 Be6 18. Be4 Bd4 19. Bxd4 Rxd4 20. Kh1 c5 21. Bc2 Qa5 22. Bb1 Rd2 23. Rxd2 {Diagram } Qxd2 24. Qxd2 {[From this vantage point, it seems that Black is positionally better, but had he played 23...,Rd2 instead of trading off the Queens, his potential for making tactical inroads would have been far greater. ]} Rxd2 25. Kg1 Rb2 26. h3 $2 {[Why did White waste the tempo on his 25th move if he intended h3 all along. ]} Kg7 27. Kh2 Kf6 28. Kg3 h5 29. h4 Ke5 30. Rg1 Re2 31. Rd1 Rb2 32. Rc1 {Diagram } Kd6 $2 {[If Black intends to penetrate the White position, why not Kd4, since White is positionally bound up? If 33. Rd1+, Ke3 34.Rd3+, Ke2! and White cannot hold the position.]} 33. Re1 Bf5 34. Bxf5 gxf5 35. Rd1+ Kc6 {[Draw Agreed.]} 1/2-1/2

[Event "2014 PHCC April U1700 Quad"]
[Site "Port Huron"]
[Date "2014.04.24"]
[Round "3"]
[White "Beneker, Gerrit"]
[Black "Wingrove, William"]
[Result "1/2-1/2"]
[WhiteElo "1545"]
[BlackElo "1694"]
[Annotator "Lon Rutkofske"]
[PlyCount "106"]
[EventDate "2014.04.24"]
[EventType "tourn"]
[EventRounds "3"]

1. e4 c5 2. Bc4 e6 3. Nc3 a6 4. a4 Nc6 5. Nf3 Qc7 6. d4 cxd4 7. Nxd4 Nf6 8. g3 Bb4 9. Nxc6 Qxc6 10. Bd3 Bxc3+ 11. bxc3 Nxe4 12. c4 Nc3 13. Qg4 Qxh1+ 14. Kd2 g6 15. Kxc3 Qc6 16. Qd4 Rg8 17. Bg5 d6 18. Qf6 Qd7 19. Rb1 h6 20. Be3 Qe7 21. Qf3 h5 22. h4 f5 23. Bg5 Qc7 24. Be3 e5 25. Qd5 Rf8 26. Rb6 Rf6 27. Qg8+ Rf8 28. Qxg6+ Qf7 29. Qxd6 Qe7 30. Qg6+ Qf7 31. Qd6 e4 32. Be2 Qg7+ 33. Bd4 Qd7 34. Bxh5+ Rf7 35. Qe5+ Qe7 36. Qh8+ Kd7 37. Bxf7 Qxf7 38. Bf6 Kc7 39. Qd8+ Kb8 40. Be5+ Ka7 {Diagram [41.Qd4! should wrap things up nicely!]} 41. Bd4 Kb8 42. Be5+ Ka7 {[This move represents the second repetition of the position.]} 43. Bd4 Kb8 44. Qd6+ Qc7 45. Qf6 Qd7 46. Be5+ Ka7 47. Rb4 $3 Qc6 48. Bd4+ Kb8 49. Be5+ $4 {[49.Qc6 wins the Q!!]} Ka7 50. Bd4+ Kb8 {[Represents the third repetition of this position. Before making his 51st move, Black needed to stop the clocks, and call the TD over and claim a draw by repetition of position showing that his 51st move produces the repetition. If in replaying the score sheets, the claim is proven invalid, then his opponent gets two additional minutes added to his/her clock. At this point, unless it is in sudden death, only the player having the move can make a claim, or the game continues.]} 51. Be5+ $4 {[It's not often you have a change to win the Queen twice!!]} Ka7 {Diagram } 52. Qe7 Bd7 53. Bd4+ Kb8 {[Draw Agreed!]} 1/2-1/2

[Event "2014 PHCC April U1700 Quad"]
[Site "Port Huron"]
[Date "2014.04.24"]
[Round "3"]
[White "Hartwig, Nathan"]
[Black "Bedy, Noel"]
[Result "1/2-1/2"]
[WhiteElo "1683"]
[BlackElo "1581"]
[PlyCount "59"]
[EventDate "2014.04.24"]
[EventType "tourn"]
[EventRounds "3"]

1. e4 d5 2. exd5 Nf6 3. d4 Bg4 4. Be2 Bxe2 5. Nxe2 Qxd5 6. O-O Nc6 7. Nbc3 Qf5 8. Ng3 Qd7 9. Nce2 O-O-O 10. c3 e5 11. Be3 exd4 12. Nxd4 Bc5 13. Ndf5 Qe6 14. Qe2 Bxe3 15. Qxe3 Qxe3 16. fxe3 Ng4 17. Rf4 h5 18. h3 g5 19. Rff1 Nge5 20. Nd4 Ne7 21. Rf2 h4 22. Ne4 g4 23. hxg4 h3 24. gxh3 Rxh3 25. Ng5 Rxe3 26. Nxf7 Rg8 27. Nxe5 Rxe5 28. Rg2 Reg5 29. Re1 Nd5 30. Re4 1/2-1/2